Inventario RAP de la ictiofauna del río Aurra y sus tributarios en San Jerónimo, Antioquia (Registro nro. 15463)

Detalles MARC
000 -CABECERA
Campo de control 005460000a22001450004500
090 ## - CLASIFICACIÓN LOCAL
Colección AS
Consecutivo Seriadas
041 0# - IDIOMA
Código de idioma para texto/pista de sonido o título separado
100 1# - ASIENTO PRINCIPAL--NOMBRE PERSONAL
Nombre personal García , Fabio León
245 10 - MENCION DE TITULO
Título Inventario RAP de la ictiofauna del río Aurra y sus tributarios en San Jerónimo, Antioquia
246 3# - FORMA VARIANTE DEL TITULO
Título propiamente dicho/forma breve del título RAP inventory of the ichthyofauna of the Aurra river and its tributaries in San Jerónimo, Antioquia
700 1# - ASIENTO SECUNDARIO - NOMBRE PERSONAL
Nombre personal Urán, Luis Alberto
700 1# - ASIENTO SECUNDARIO - NOMBRE PERSONAL
Nombre personal Bock, Brian C.
773 1# - Item fuente:
Título Actualidades Biológicas
Descripción física 78
Paginas del Articulo 51-57
Lugar, editorial y fecha de publicación 2003
Información sobre la relación 25
942 ## - ELEMENTOS ADICIONALES (KOHA)
Tipo de ítem Artículo

No hay ítems disponibles.